000 00759cab a22002295a 4500
001 L159857
008 150113e2017 xxk 000 0 eng d
035 _a(Sirsi) u159857
041 0 _aeng
050 _218
100 1 _aSkinner, Chris
245 0 2 _aA world of difference
_h[electronic resource]
260 _aLondon
_bRICS
_c2017
490 _aRICS Building Surveying Journal
_vJuly - August 2017, 24-25(2)
520 _aOffers a global perspective on the definition and role of the building surveyor.
650 2 4 _aABOUT RICS
651 4 _aUnited Kingdom
_y
690 _aBuilding surveying
_96225
856 4 0 _uhttps://issuu.com/ricsmodus/docs/building_surveying_journal_july___a
_z
_yAvailable free online via Issuu
856 4 0 _u
_z
942 _n0
999 _c85020
_d85020